• 首页
  • 本馆介绍
  • 公告通知
  • 最新文献
  • 馆藏检索
  • 电子资源
  • 读者导购
  • 参考咨询
  • 我的图书馆
  • 登录
  • 详细信息显示
  • 放入我的书架
  • 预约/预借图书
  • 作者相关作品
  • 分类相关作品
  • 丛书相关作品
  • 出版社相关作品

书目信息

  • 表格格式
  • 工作单格式
  • 卡片格式
题名:
中古入声字在河北方言中的读音研究
    
 
作者: 刘淑学 著
分册:  
出版信息: 保定   河北大学出版社  2000
页数: 218页
开本: 26cm
丛书名: 河北大学博士文库
单 册:
中图分类: H172.1
科图分类:
主题词: 北方方言--方言研究--河北
电子资源:
ISBN: 7-81028-591-2
000 00740nam0 2200229 45
001 0312171607
005 20031219104123.2
010    @a7-81028-591-2@dCNY30.00
100    @a20031217d2000 km y0chiy0120 ea
101 0  @achi
105    @a z 000yy
200 1  @a中古入声字在河北方言中的读音研究@AZhong Gu Ru Sheng Zi Zai He Bei FangYan Zhong De Du Yin Yan Jiu@f刘淑学著@FLiu Shu Xue Zhu
210    @a保定@c河北大学出版社@d2000
215    @a218页@d26cm
225    @a河北大学博士文库
300    @a本课题研究得到河北省教委博士基金、出版基金资助
410    @12001 @a河北大学博士文库
606 0  @a北方方言@x方言研究@y河北
690    @aH172.1@v4
701  0 @a刘淑学@4著
801    @aCN@bTSTC@c20031217
905    @b330443-447@dH172.1@e15@f5
    
    中古入声字在河北方言中的读音研究/刘淑学著.-保定:河北大学出版社,2000
    218页;26cm.-(河北大学博士文库)
    本课题研究得到河北省教委博士基金、出版基金资助
    
    ISBN 7-81028-591-2:CNY30.00
    
●
相关链接 在E读中查询图书 在五车中查询图书 在当当中查询图书 在豆瓣中查询图书


正题名:中古入声字在河北方言中的读音研究     索取号:H172.1/15         预约/预借

序号 登录号 条形码 馆藏地/架位号 状态 备注
1 0330443   203304432   第四借阅区/ [索取号:H172.1/15] 在馆    
2 0330444   203304441   第四借阅区/ [索取号:H172.1/15] 在馆    
3 0330445   203304450   第四借阅区/ [索取号:H172.1/15] 在馆    
4 0330446   203304469   第四借阅区/ [索取号:H172.1/15] 在馆    
5 0330447   203304478   第二样本阅览室/ [索取号:H172.1/15] 在馆    
唐山师范学院图书馆 欢迎您!
大连网信软件有限公司© 版权所有